Оценка удовлетворённости целевых сегментов на рынке розничной торговли; Энергия молодых - экономике России; Ч. 2

Bibliographic Details
Parent link:Энергия молодых - экономике России: труды IX Международной научно-практической конференции студентов и молодых ученых, г. Томск, 19-22 мая 2008 г./ Томский политехнический университет (ТПУ) ; Вольное экономическое общество России ; Международный союз экономистов (МСЭ).— , 2008
Ч. 2.— 2008.— С. 243-245
Main Author: Фёдоров А. С.
Other Authors: Задорожная Ю. Ф. (научный руководитель)
Language:Russian
Published: 2008
Subjects:
Format: Book Chapter
KOHA link:https://koha.lib.tpu.ru/cgi-bin/koha/opac-detail.pl?biblionumber=159696

MARC

LEADER 00000naa2a2200000 4500
001 159696
005 20231031155328.0
035 |a (RuTPU)RU\TPU\book\173207 
090 |a 159696 
100 |a 20090514d2008 k y0rusy50 ca 
101 0 |a rus 
102 |a RU 
200 1 |a Оценка удовлетворённости целевых сегментов на рынке розничной торговли  |f А. С. Фёдоров  |g науч. рук. Ю. Ф. Задорожная 
320 |a Библиогр.: 3 назв. 
461 1 |0 (RuTPU)RU\TPU\book\166087  |t Энергия молодых - экономике России  |o труды IX Международной научно-практической конференции студентов и молодых ученых, г. Томск, 19-22 мая 2008 г.  |f Томский политехнический университет (ТПУ) ; Вольное экономическое общество России ; Международный союз экономистов (МСЭ)  |d 2008 
463 0 |0 (RuTPU)RU\TPU\book\167192  |t Ч. 2  |v С. 243-245  |d 2008 
610 1 |a розничная торговля 
610 1 |a удовлетворённость 
610 1 |a оценка 
610 1 |a рынок 
610 1 |a потребители 
610 1 |a лояльность 
610 1 |a анкетирование 
610 1 |a труды учёных ТПУ 
700 1 |a Фёдоров  |b А. С. 
702 1 |a Задорожная  |b Ю. Ф.  |4 727 
801 1 |a RU  |b 63413507  |c 20090514  |g PSBO 
801 2 |a RU  |b 63413507  |c 20161122  |g RCR 
942 |c BK